000 00439nam a2200193Ia 4500
008 210210b1933 xxu||||| |||| 00| 0 eng d
041 _aeng
082 _a535/49
100 _aGRIMSEHL (E)
245 _aTextbook of physics Vol III
260 _aLondon
_bBlackie and Son Limited
_c1933
300 _a685
650 _aVol
650 _aTextbook
650 _aphysics
650 _aIII
690 _aElectricity
906 _a008667
999 _c126478
_d126478